| 000 | 00513cam a2200205ua 4500 | ||
|---|---|---|---|
| 001 | 8022 | ||
| 005 | 20260515114301.0 | ||
| 008 | 150105n ii |||gr||||Z||||||hin | ||
| 040 | _cMAIN | ||
| 041 | _ahin | ||
| 082 | _a891.438 | ||
| 100 |
_aSharma, H. R., _eAuthor. |
||
| 245 | 1 |
_aSahityik muhavara-lokokti kosh _cBy Harivansh Rai Sharma |
|
| 250 | _a1st. | ||
| 260 |
_aDelhi: _bRajpal, _c1987. |
||
| 300 | _a306p. | ||
| 653 | _aEast Indo-European & Celtic literatures | ||
| 653 | _aHIndi idioms | ||
| 942 | _cBK | ||
| 999 |
_c7135 _d7135 |
||